<?xml version="1.0" encoding="UTF-8"?>
<record
    xmlns:xsi="http://www.w3.org/2001/XMLSchema-instance"
    xsi:schemaLocation="http://www.loc.gov/MARC21/slim http://www.loc.gov/standards/marcxml/schema/MARC21slim.xsd"
    xmlns="http://www.loc.gov/MARC21/slim">

  <leader>00939nam a22002537a 4500</leader>
  <controlfield tag="003">OSt</controlfield>
  <controlfield tag="005">20230125165139.0</controlfield>
  <controlfield tag="008">160111b        xxu||||| |||| 00| 0 eng d</controlfield>
  <datafield tag="020" ind1=" " ind2=" ">
    <subfield code="a">0939982 06 4</subfield>
  </datafield>
  <datafield tag="040" ind1=" " ind2=" ">
    <subfield code="c">Lado V</subfield>
  </datafield>
  <datafield tag="082" ind1=" " ind2=" ">
    <subfield code="a">779.942.092</subfield>
    <subfield code="b">H477s</subfield>
  </datafield>
  <datafield tag="100" ind1=" " ind2=" ">
    <subfield code="a">Hellmuth, Suzanne</subfield>
    <subfield code="9">626</subfield>
    <subfield code="e">autora</subfield>
  </datafield>
  <datafield tag="245" ind1=" " ind2=" ">
    <subfield code="a">Suzanne Hellmuth and Jock Reynolds/</subfield>
    <subfield code="b">Photographs and Documents 1975 - 1985/</subfield>
  </datafield>
  <datafield tag="260" ind1=" " ind2=" ">
    <subfield code="a">California</subfield>
    <subfield code="b">University of California</subfield>
    <subfield code="c">1986</subfield>
  </datafield>
  <datafield tag="300" ind1=" " ind2=" ">
    <subfield code="a">44p.</subfield>
    <subfield code="b">il. (col.)</subfield>
    <subfield code="c">28x22cm.</subfield>
  </datafield>
  <datafield tag="500" ind1=" " ind2=" ">
    <subfield code="a">Notas en espa&#xF1;ol, ingl&#xE9;s y alem&#xE1;n</subfield>
  </datafield>
  <datafield tag="600" ind1=" " ind2=" ">
    <subfield code="a">Emde, Thomas, 1959 --</subfield>
    <subfield code="x">Exhibiciones</subfield>
    <subfield code="9">4352</subfield>
  </datafield>
  <datafield tag="650" ind1=" " ind2=" ">
    <subfield code="a">FOTOGRAFIA</subfield>
    <subfield code="2">Tesauro de Arte &amp; Arquitectura</subfield>
  </datafield>
  <datafield tag="650" ind1=" " ind2=" ">
    <subfield code="a">ARTE</subfield>
    <subfield code="2">Tesauro de Arte &amp; Arquitectura</subfield>
  </datafield>
  <datafield tag="650" ind1=" " ind2=" ">
    <subfield code="a">FIGURAS HUMANAS</subfield>
    <subfield code="2">Tesauro de Arte &amp; Arquitectura</subfield>
  </datafield>
  <datafield tag="650" ind1=" " ind2=" ">
    <subfield code="a">RECUERDOS</subfield>
    <subfield code="2">Tesauro de Arte &amp; Arquitectura</subfield>
  </datafield>
  <datafield tag="700" ind1=" " ind2=" ">
    <subfield code="a">Reynolds, Jock</subfield>
    <subfield code="e">autor</subfield>
  </datafield>
  <datafield tag="942" ind1=" " ind2=" ">
    <subfield code="2">ddc</subfield>
    <subfield code="c">1</subfield>
    <subfield code="n">0</subfield>
    <subfield code="h">779.942.092</subfield>
    <subfield code="i">H477s</subfield>
  </datafield>
  <datafield tag="999" ind1=" " ind2=" ">
    <subfield code="c">2895</subfield>
    <subfield code="d">2895</subfield>
  </datafield>
  <datafield tag="952" ind1=" " ind2=" ">
    <subfield code="0">0</subfield>
    <subfield code="1">0</subfield>
    <subfield code="2">ddc</subfield>
    <subfield code="4">0</subfield>
    <subfield code="7">0</subfield>
    <subfield code="a">LV</subfield>
    <subfield code="b">LV</subfield>
    <subfield code="d">2023-01-25</subfield>
    <subfield code="i">005076</subfield>
    <subfield code="l">0</subfield>
    <subfield code="o">779.942.092</subfield>
    <subfield code="p">005076</subfield>
    <subfield code="r">2023-01-25 00:00:00</subfield>
    <subfield code="w">2023-01-25</subfield>
    <subfield code="y">1</subfield>
  </datafield>
</record>
